000 00261nam a2200109Ia 4500
001 1264714
005 20260417141947.0
008 260417s9999 xx 000 0 und d
020 _a9786051851891
245 0 _aAzap
_cÖmer Erdem
260 _bEverest Yayınları
999 _c1264714
_d1264714